MDQL
is popping MORE tags! Check the
thread
!
Quizzes
Events
Quiz Creation
Community
Videos
Private Events
Remove Ads
Sign In
Join for FREE
Feedback
Dark Mode
Quiz Categories
Sports
Geography
Music
Movies
Television
Just For Fun
Miscellaneous
History
Literature
Language
Science
Gaming
Entertainment
Religion
Holiday
For Kids
Quiz Lab
Recent
Popular Today
Quiz Kudos Today
Editor Picks
Curator Picks
Quizzes by...
Day
Popularity
Type
Ratings
Length
Year
Community
Subscriptions
Recent Discussions
Orange Saloon
Badges
Playlists
Quests
Create
Leaderboards
Showdown
Live 5
Trivia Bingo
Activity
Puzzle Library
Sporcle Events
Private Events
Virtual Trivia
Globe League
Become a Host
Pub Owners
SporcleCon
Opinionation
Our Games
Videos
Blog
Mobile Apps
Partnerships
Remove Ads and Go Orange
Feedback
Miscellaneous
Crossword
General Knowledge
Baby Names
Logo
Food
Cars
Numbers
Grab Bag
University
College
Popular
Company
Slogans
Restaurants
Justice
Letter
Miscellaneous
Crossword
General Knowledge
Baby Names
Logo
Food
Cars
Numbers
Grab Bag
University
College
Popular
Company
Slogans
Restaurants
Justice
Letter
Random Quiz
Search Sporcle
×
Quiz Lab
Quiz Lab
Miscellaneous
Africa
Type in answers that appear in a list
Type in answers that appear in a list
Classic
Best Score? Go Orange.
African Ethnic Groups Stats
Can you name the most numerous ethnic groups of Africa?
By
GottaLoveIt
12m
40 Questions
529 Plays
529 Plays
529 Plays
Comments
Comments
Give Quiz Kudos
Give Quiz Kudos
-
- Ratings
hide this ad
Replay
Link that replays current quiz
Next Quiz
Link to next quiz in quiz playlist
You Got
0%
They Got
Avg Score
29%
Avg Friend Score
Upgrade to see
Score Distribution
Jump to the score distribution portion of the page
Score
0/40
Timer
12:00
0
Plays Today
Region
Ethnic Group Name
% Correct
Southern Africa
Zulu
81.3%
North Africa
Arab
76.3%
North Africa
Amazhig
68%
Southern Africa
Xhosa
63.4%
West Africa
Yoruba
62.1%
West Africa
Igbo
59.8%
West Africa
Hausa
55.1%
Central Africa
Hutu
51.7%
Central Africa
Tutsi
50.4%
Eastern Africa
Swahili
46.4%
Southern Africa
Sotho
42.8%
West Africa
Fula
42.4%
West Africa
Wolof
41.5%
Southern Africa
Tswana
41.1%
Southern Africa
Swazi
40.7%
Eastern Africa
Oromo
39.8%
Southern Africa
Shona
37.5%
Southern Africa
Ndebele
30.3%
West Africa
Ashanti
27.8%
Eastern Africa
Maasai
27.1%
Region
Ethnic Group Name
% Correct
Eastern Africa
Kikuyu
22.9%
West Africa
Fulani
20.6%
West Africa
Ewe
20.5%
West Africa
Mandinka
20.5%
Southern Africa
Tsonga
19.5%
Eastern Africa
Luo
18.8%
Central Africa
Fang
15.9%
Eastern Africa
Tigre
15.2%
Eastern Africa
Ganda
13.1%
West Africa
Mende
10.2%
Eastern Africa
Fur
6.3%
Eastern Africa
Sukuma
4.5%
Central Africa
Banda
4%
Eastern Africa
Acholi
3%
Central Africa
Baya
2.8%
Southern Africa
Ngoni
2.1%
Southern Africa
Mpondo
1.7%
North Africa
Sikut
0.9%
North Africa
Mahas
0.8%
North Africa
Danagla
0.8%
Quiz Playlist
Details
Report
Send in Message
Add To Playlist
Classic:
Type in answers that appear in a list
Last Updated: Apr 28, 2017
Quiz Scoreboard
CHALLENGE
Sign Up to Join the Scoreboard
Show All
Scores
Hide
Comments
May contain spoilers
Recently Published
Two Season TV Shows II
by 123Four
Television
10m
Image Sorting: Flags VI
by Barbecue
Geography
2m
Find the 'City' Movie
by crazypaving
Movies
60s
More to Explore
Quiz From the Vault
Featured Blog Post
14 Easter Pick-up Lines to Find Eggs With
hide this ad
You Might Also Like...
Tags
Africa Quiz
ethnic
group
Numerous
region
Today's Top Quizzes in Miscellaneous
Browse Miscellaneous
hide this ad
Today's Top Quizzes in Africa
Browse Africa
Top Contributed Quizzes in Miscellaneous
1
The JOE quick-fire general knowledge quiz: Day 174
2
5-to-1: Fast Food
3
9x9 Crossword: Disney Movie Titles
4
The JOE quick-fire general knowledge quiz: Day 173
5
9x9 Crossword: Charlie and the Chocolate Factory
6
9x9 Crossword: The Simpsons
7
9x9 Crossword: Flags
8
9x9 Crossword: 2022 Movies
9
9x9 Crossword: Actors
10
9x9 Crossword: Pixar Movie Titles
Explore More
Trending Topics
Crossword
Anime
NBA
Disney
Kpop
Harry Potter
Marvel
Puzzle
Pokémon
Country
WWE
Soccer
Song
The Office
NFL
hide this ad
More By:
GottaLoveIt
Quiz
Plays
Rating
Category
Featured
Created
Emilio Estevez Puns
602
3.81
Just For Fun
Oct 8, 2009
African Ethnic Groups
529
2.86
Miscellaneous
Oct 8, 2009
Go to Creator's Profile
Score Distribution
Quiz Creator Spotlight
GottaLoveIt
Follow
Send a Message
Quizzes Created
-
Created Quiz Play Count
-
More By This Creator
Popular Quizzes Today
1
Find the US States - No Outlines Minefield
2
Colored Red Africa Blitz
3
Find the 'City' Movie
4
5x2 Blitz: Bands
5
The Countries of the World
6
Find the Countries of Europe - No Outlines Minefield
7
Find the US States
8
US States
More Miscellaneous Quizzes
Click a Corvette
Quiz Lab
Trending Quizzes
Colored Red Europe Blitz I
Colored Red Africa Blitz II
Colored Red Europe Blitz II
Colored Red Europe Blitz III
Colored Red Africa Blitz III
Recently Updated
How Do You Spell That?
pecheneg
Godzilla Movies
pecheneg
Grab Bag: 4-10 Letters
pecheneg
2024 March Madness Bracket
pecheneg
Famous TV Couples
Peacemaker
Champions League XIs: Real Madrid
pecheneg
Largest US Cities 1790-2010
pecheneg
Rides in Walt Disney World
pecheneg
Most Oscar Losses (Acting)
pecheneg
Beyoncé Albums
pecheneg
Trending Topics
Disney
Anime
Kpop
NBA
Crossword
Marvel
Harry Potter
Puzzle
Pokémon
Soccer
Country
The Office
Song
NFL
WWE
Your Account Isn't Verified!
In order to create a playlist on Sporcle, you need to verify the email address you used during registration. Go to your
Sporcle Settings
to finish the process.
Report this User
Report this user for behavior that violates our
Community Guidelines
.
Details:
Send Report
Go to the Sporcle.com Mobile Site →
Comments